| 000 | 02721nam0a2200349 4500 | ||
|---|---|---|---|
| 001 | RU\NLR\bibl\1272633 | ||
| 005 | 20260407073544.0 | ||
| 010 |
_a978-5-98534-905-4 _92000 |
||
| 021 |
_aRU _b2008-55468 _93078 |
||
| 035 | _a(NLR Aleph) 001258498 | ||
| 090 |
_a364026 _c364026 |
||
| 100 | _a20080912d2008 |||y0rusy50 ca | ||
| 101 | 0 | _arus | |
| 102 | _aRU | ||
| 105 | _ay ||||||||| | ||
| 200 | 1 |
_aОб участии в долевом строительстве многоквартирных домов и иных объектов недвижимости и о внесении изменений в некоторые законодательные акты Российской Федерации _eФедеральный закон _e(Собрание Законодательства Российской Федерации, 2005, N° 1, ст. 40) _eв редакции Федеральных законов: от 18 июля 2006 г. N° 111-ФЗ (СЗ РФ, 2006, N° 30, ст. 3287); от 16 октября 2006 г. N° 160-ФЗ (СЗ РФ, 2006, N° 43, ст. 4412) _e[принят Государственной Думой 22 декабря 2004 года _eодобрен Советом Федерации 24 декабря 2004 года] |
|
| 205 | _a[3-е изд.] | ||
| 210 |
_aМосква _cОсь-89 _d2008 |
||
| 215 |
_a31, [1] с. _d21 |
||
| 225 | 1 | _aФедеральный закон | |
| 300 | _aНа обороте тит.л. в макете загл.: Федеральный закон "Об участии в долевом строительстве многоквартирных домов и иных объектов недвижимости и о внесении изменений в некоторые законодательные акты Российской Федерации" | ||
| 517 | 0 | _aФедеральный закон "Об участии в долевом строительстве многоквартирных домов и иных объектов недвижимости и о внесении изменений в некоторые законодательные акты Российской Федерации" | |
| 606 | 1 |
_aЖилищное строительство _jЗаконодательные материалы _xДоговоры долевого участия _yРоссийская Федерация _92397980 _3RU\NLR\auth\661429613 |
|
| 686 | _aХ623.201-39(2Р) | ||
| 686 | _aХ623.211.62-39(2Р) | ||
| 740 | 1 |
_aРоссийская Федерация _tЗаконы _3RU\NLR\AUTH\883331 _9277893 |
|
| 801 | 0 |
_aRU _bNLR _c20080912 _gRCR |
|
| 801 | 1 |
_aRU _bNLR _c20080912 |
|
| 942 | _cBOOK | ||
| 980 | _aNB | ||